Propuesta de implementación en un departamento de capacitación y desarrollo humano Banco de Occidente S. A / (Registro nro. 11661)

000 -CABECERA
Campo de control de longitud fija 00854nam a22001697a 4500
008 - CAMPO FIJO DE DESCRIPCIÓN FIJA--INFORMACIÓN GENERAL
Campo de control de longitud fija 140624b2008 ho ||||| |||| 00| 0 spa d
090 ## - CAMPOS LOCALES
Número de clasificación (OCLC) ; Número de clasificación,LLAMADA (RLIN) 00008
Signatura local (OCLC) ; Signatura sin dividir, número de libro, CALL (RLIN) AFB 2016
100 ## - ENCABEZAMIENTO PRINCIPAL--NOMBRE PERSONAL
Nombre de persona Mejía Cardona Ángela Gabriela
9 (RLIN) 97
245 ## - TÍTULO PROPIAMENTE DICHO
Título Propuesta de implementación en un departamento de capacitación y desarrollo humano Banco de Occidente S. A /
Mención de responsabilidad, etc. Mejía Cardona Ángela Gabriela
260 ## - PUBLICACIÓN, DISTRIBUCIÓN, ETC (PIE DE IMPRENTA)
Lugar de publicación, distribución, etc. Honduras, San Pedro Sula :
Nombre del editor, distribuidor, etc. Universidad de San Pedro Sula,
Fecha de publicación, distribución, etc. 2016.
300 ## - DESCRIPCIÓN FÍSICA
Extensión 88 p.
502 ## - NOTA DE TESIS
Programa Académico Licenciatura en Administración Financiera y Bancaria /
Nombre de la institución que otorga el título Universidad de San Pedro Sula.
650 ## - ASIENTO SECUNDARIO DE MATERIA--TÉRMINO DE MATERIA
Subdivisión general PROPUESTA DE IMPLEMENTACIÓN
-- DEPARTAMENTO DE CAPACITACIÓN Y DESARROLLO HUMANO
9 (RLIN) 208
650 ## - ASIENTO SECUNDARIO DE MATERIA--TÉRMINO DE MATERIA
Subdivisión general BANCO DE OCCIDENTE
9 (RLIN) 118
856 ## - ACCESO ELECTRÓNICO
Identificador uniforme del recurso URI https://drive.google.com/open?id=0BwkeKKAhXnTOQXJoczdpcktHTG8
942 ## - ELEMENTOS KOHA
Fuente de clasificación o esquema de ordenación en estanterías
Koha tipo de item Monografía
Parte de Clasificación 00008 AFB 2016
Existencias
Tipo de Descarte Asignatura Mostrar en OPAC Código de barras Signatura completa Fecha de Descarte Estado Formato de Material Localización permanente Disponibilidad Localización actual Ejemplar Colección Fecha adquisición Fecha última consulta Fuente de clasificación o esquema
NULLUSAP 1617800008 AFB 20162016-06-30NULLPapelBiblioteca Central NULLBiblioteca Central Ej. 1Hemeroteca2016-06-302016-06-30 

Campus Universitario - Ave. Circunvalación - San Pedro Sula, Honduras, C.A. / Tel: +504 2561.8777 / Fax: +504 2561.8787 / Email: info@usap.edu
Todos los Derechos Reservados. © MMXIII Universidad de San Pedro Sula